| 000 | 00376nam a2200145Ia 4500 | ||
|---|---|---|---|
| 001 | 2310 | ||
| 008 | 220629s ii g b000 u 465 u | ||
| 082 | _a823 | ||
| 100 | _aBennett, Arnold . | ||
| 245 | 0 |
_aOld Wives Tale / _cArnold Bennett. _hTextual Documents |
|
| 260 |
_aLondon : _bHodder & Stoughton. |
||
| 300 |
_a606p. ; _c20cm.. |
||
| 653 | _aWives - Old | ||
| 942 |
_2ddc _cBK |
||
| 999 |
_c2303 _d2303 |
||